1075 1558 1209 1704 1533 1794 1693 1361 1582 1403 1534 1265 1562 1958 1270 1434 1969 1505 1162 1585 1578 1211 1625 1156 1601 1196 1516 1019 1832 1291 1901 1449 1717 1047 1163 1575 1010 1010 1358 1843 1726 1095 1500 1319 1091 1435 1336 1862 1839 1933 1541 1742 1293 1187 1919 1610 1068 1886 1820 1901 1816 1903 1219 1204 1674 1059 1645 1767 1553 1588 1984 1115 1904 1621 1206 1634 1858 1174 1301 1135 1515 1189 1996 1097 1910 1018 1885 1945 1134 1512 1087 1363 1683 1022 1915 1958 1352 1591 1102 BCNSPRNW ULIB Ver.6.0+V

เปลี่ยนเป็นภาษาไทย

Change to English
 แสดงรายละเอียดบรรณานุกรม
  กลับหน้าหลัก

Brief Record : Get Marc (ISO 2709) : E-mail record : QR code < ปิดหน้าต่าง
LEADER : 00000nam 2200000uu 4500
001    13399110207
003     ULIB
008    110425s2544||||th 000 0 tha d
020    9746542788
060 04 WL346^bค54ก 2544
245 00 คู่มือการดูแลผู้ป่วยอัมพาตที่บ้าน /^cบรรณาธิการ, เจียมจิต แสงสุวรรณ, อัจฉรา หล่อวิจิตร
260    ขอนแก่น :^bขอนแก่นการพิมพ์,^c2544
300    198 หน้า :^bภาพประกอบ ;^c21 ซม.
650  7 กายภาพบำบัด
650  7 ผู้ป่วย, การจัดการดูแล
650  7 ผู้ป่วย, การวางแผนดูแล
650  7 อัมพาต^xการฟื้นฟูสมรรถภาพ
700 0  เจียมจิต แสงสุวรรณ,^eบรรณาธิการ
700 0  อัจฉรา หล่อวิจิตร,^eบรรณาธิการ
710 2  มหาวิทยาลัยขอนแก่น.^bภาควิชาการพยาบาลอายุรศาสตร์และศัลยศาสตร์
945    ^p100^l0^i013732
945    ^p100^l0^i013731
945    ^p100^l0^i013733
995    ทศพร
999 ^a ใช้งานได้ทุกระบบ
รายการนี้ยังไม่มีแท็ก
คุณยังไม่ได้ล็อกอิน คุณสามารถมีกิจกรรมร่วมกับเว็บไซต์ได้ แต่ต้องล็อกอินก่อน ::
  ล็อกอิน

รายการสื่อสารสนเทศ

ลำดับที่ ประเภท เลขเรียก/บาร์โค้ด สถานที่ สถานะ
- ไม่พบข้อมูล -

รายการใกล้เคียง
    หัวเรื่อง [กายภาพบำบัด]
    หัวเรื่อง [ผู้ป่วย, การจัดการดูแล]
    หัวเรื่อง [ผู้ป่วย, การวางแผนดูแล]

BibComment


ยังไม่เคยถูกคอมเมนท์

คอมเมนท์ทรัพยากรรายการนี้
  คอมเมนท์: คู่มือการดูแลผู้ป..


 Copyright 2026. Bcnsprnw @Library